[Event "DRUZYNOWE MISTRZOSTWA POLSKI JUNIOROW - II LIGA"]
[Site "Szczyrk, CKiR Orle Gniazdo ul. Wrzosowa 28a"]
[Date "2014-07-28"]
[Round "5.71"]
[White "Wojna, Ewelina"]
[Black "Krzysztynska, Anna"]
[Result "1/2-1/2"]
[WhiteTitle "I"]
[BlackTitle "I"]
[WhiteElo "1565"]
[BlackElo "1411"]

1. d4 Nf6 2. c4 c5 3. d5 b5 4. e3 Bb7 5. Nf3 g6 6. Nc3 b4 7. Ne2 d6 8. b3 Bg7 9.
Bb2 O-O 10. Ng3 Nbd7 11. Bd3 Re8 12. O-O Qc7 13. Qc2 Nb6 14. e4 e5 15. dxe6 Rxe6
16. Ng5 Re7 17. f4 Nbd7 18. Rae1 Rae8 19. Re2 a5 20. Rfe1 Bc6 21. Nf3 Ng4 22.
Bxg7 Kxg7 23. h3 Nh6 24. Qb2+ Kg8 25. Qd2 f6 26. f5 Nf7 27. fxg6 hxg6 28. Qf4
Kg7 29. Bb1 Nfe5 30. Rd1 a4 31. Red2 Re6 32. Nf1 Nxf3+ 33. gxf3 Ne5 34. Qg3 axb3
35. axb3 Nf7 36. Rg2 Nh8 37. Ne3 Kf8 38. Nd5 Qf7 39. Nf4 Re5 40. Qh4 Ke7 41. Nd5+
Bxd5 42. Rxd5 Kd7 43. Rgd2 Rxd5 44. Rxd5 Qg7 45. Qg3 Nf7 46. f4 g5 47. Qg4+ Kc6
48. Kf2 Ra8 49. Rd2 Re8 50. Ra2 Nh6 51. Qg2 Kb6 52. Qg3 Rg8 53. fxg5 Nf7 54. h4
fxg5 55. h5 Qd4+ 56. Kg2 g4 57. Rf2 Ne5 58. Qf4 Nf3 59. h6 Qd1 60. Rf1 Qe2+ 61.
Rf2 Qd1 62. Rf1 Qe2+ 63. Rf2 Qd1 1/2-1/2

[Event "DRUZYNOWE MISTRZOSTWA POLSKI JUNIOROW - II LIGA"]
[Site "Szczyrk, CKiR Orle Gniazdo ul. Wrzosowa 28a"]
[Date "2014-07-28"]
[Round "5.72"]
[White "Winter, Anna"]
[Black "Bakalarczyk, Zuzanna"]
[Result "1/2-1/2"]
[WhiteTitle "II+"]
[BlackTitle "II"]
[WhiteElo "1340"]
[BlackElo "1239"]

1. e4 e5 2. Nf3 Nf6 3. Nxe5 d6 4. Nf3 Nxe4 5. d3 Nf6 6. Be2 Be7 7. O-O Bg4 8. Nbd2
O-O 9. Re1 Nc6 10. Nf1 d5 11. Ng3 Bd6 12. c3 Ne7 13. Qc2 h6 14. Nd4 Bxe2 15. Ndxe2
Ng6 16. Bd2 c6 17. d4 Qc7 18. Qf5 Nh7 19. Rad1 Rfe8 20. Qf3 Rad8 21. h3 Qe7 22.
Nf5 Qf6 23. Neg3 Bxg3 24. Nxg3 Qxf3 25. gxf3 Nf6 26. Re3 Re6 27. Nf5 Rde8 28.
Rde1 Kf8 29. b3 a6 30. Bc1 Rxe3 31. Rxe3 Rxe3 32. fxe3 Ne8 33. Kf2 f6 34. Ba3+
Kf7 35. Bc5 Nf8 36. Nd6+ Nxd6 37. Bxd6 Ne6 38. Kg3 g6 39. Bf4 h5 40. c4 f5 41.
h4 Kf6 42. Be5+ Kf7 43. f4 Ke7 44. Kf2 b5 45. cxd5 cxd5 46. b4 Kd7 47. Ke2 Kc6
48. Kd2 Kb6 49. Kc3 Kc6 1/2-1/2

[Event "DRUZYNOWE MISTRZOSTWA POLSKI JUNIOROW - II LIGA"]
[Site "Szczyrk, CKiR Orle Gniazdo ul. Wrzosowa 28a"]
[Date "2014-07-28"]
[Round "5.73"]
[White "Janulek, Dawid"]
[Black "Ruttar, Lukasz"]
[Result "1-0"]
[WhiteTitle "I"]
[BlackTitle "II"]
[WhiteElo "1878"]
[BlackElo "1507"]

1. e4 e5 2. Nf3 Nc6 3. Bb5 a6 4. Ba4 Nf6 5. O-O d6 6. c3 Bg4 7. d3 Be7 8. Re1 O-O
9. Nbd2 b5 10. Bc2 Re8 11. h3 Bh5 12. Nf1 Qd7 13. Ng3 Bg6 14. Nh4 Rad8 15. Nhf5
h6 16. Qf3 Nh7 17. h4 Bxf5 18. Nxf5 Bf6 19. Qg3 Kh8 20. Bd1 Ne7 21. Ne3 Ng6 22.
Bg4 Qc6 23. Nf5 d5 24. Bh5 Qe6 25. Bxg6 fxg6 26. Qxg6 dxe4 27. dxe4 Rd7 28. g3
Red8 29. Qg4 Qc4 30. Ne3 Qc5 31. Nd5 c6 32. Be3 Qd6 33. Nb6 Rf7 34. Rad1 Qc7 35.
Rxd8+ Qxd8 36. Rd1 Qc7 37. Rd7 Rxd7 38. Qxd7 Qxd7 39. Nxd7 1-0

[Event "DRUZYNOWE MISTRZOSTWA POLSKI JUNIOROW - II LIGA"]
[Site "Szczyrk, CKiR Orle Gniazdo ul. Wrzosowa 28a"]
[Date "2014-07-28"]
[Round "5.75"]
[White "Klepek, Witold"]
[Black "Swider, Pawel"]
[Result "1-0"]
[WhiteTitle "I"]
[BlackTitle "II"]
[WhiteElo "1892"]
[BlackElo "1400"]

1. e4 c6 2. d4 d5 3. Nc3 dxe4 4. Nxe4 Bf5 5. Ng3 Bg6 6. h4 h6 7. h5 Bh7 8. Nf3
Nd7 9. Bd3 Bxd3 10. Qxd3 e6 11. Bf4 Qa5+ 12. Bd2 Qc7 13. O-O-O Ngf6 14. Ne4 O-O-O
15. Qe2 Nxe4 16. Qxe4 Nf6 17. Qe2 Rd5 18. c4 Rxh5 19. Rhe1 Bd6 20. Ne5 Rh4 21.
f4 g6 22. Qf2 Rh2 23. Qg1 Bxe5 24. fxe5 Ng4 25. Re4 h5 26. Bf4 Rh1 27. Qxh1 Nf2
28. Qe1 Nxe4 29. Qxe4 Qa5 30. Kb1 Rd8 31. Bg5 Rd7 32. g4 hxg4 33. Qxg4 Qb4 34.
Qe2 Qf8 35. a3 Qh8 36. Qf3 Qh5 37. Qxh5 gxh5 38. Kc2 b5 39. Kc3 Kc7 40. Rh1 Kb6
41. Rxh5 c5 42. dxc5+ Kxc5 43. b4+ Kc6 44. c5 Rd1 45. Rh3 Rg1 46. Bf6 Rg4 47.
Rd3 Rf4 48. Kb3 Kc7 49. Kc3 Kc6 50. Kd2 Rc4 51. Ke3 Kc7 52. Kf3 Kc6 53. Rd6+ Kc7
54. Bd8+ Kc8 55. c6 Rc3+ 56. Kg4 Rxa3 57. Ba5 Rxa5 58. bxa5 Kc7 59. Kf4 b4 60.
Ke4 f5+ 61. Kd4 f4 62. Rxe6 b3 63. Kc3 f3 64. Rf6 1-0

[Event "DRUZYNOWE MISTRZOSTWA POLSKI JUNIOROW - II LIGA"]
[Site "Szczyrk, CKiR Orle Gniazdo ul. Wrzosowa 28a"]
[Date "2014-07-28"]
[Round "5.76"]
[White "Krezolek, Mateusz"]
[Black "Kowalczyk, Fryderyk"]
[Result "1-0"]
[WhiteTitle "III"]
[BlackTitle "III"]
[WhiteElo "1113"]
[BlackElo "1254"]

1. e4 e5 2. Nf3 Nc6 3. Bc4 Nf6 4. Ng5 d5 5. exd5 Na5 6. Bb5+ c6 7. dxc6 bxc6 8.
Qf3 Rb8 9. Bxc6+ Nxc6 10. Qxc6+ Nd7 11. Nf3 Bb7 12. Qc3 Qf6 13. O-O Bxf3 14. Qxf3
Qxf3 15. gxf3 Bc5 16. Re1 O-O 17. Nc3 Rfe8 18. b3 Re6 19. Bb2 Rf6 20. Ne4 Rg6+
21. Kf1 Bb6 22. Re2 Re6 23. Rae1 Rbe8 24. Rd1 f5 25. Ng3 f4 26. Ne4 Bc7 27. d4
exd4 28. Bxd4 Nb6 29. Bb2 R6e7 30. Nc3 Kf8 31. Rxe7 Rxe7 32. Re1 Rxe1+ 33. Kxe1
Kf7 34. Nb5 Bb8 35. Bd4 g5 36. a4 a6 37. Bxb6 axb5 38. axb5 Ke8 39. Kd2 Kd7 40.
Bd4 Ke6 41. c4 Kf7 42. Kd3 Ke6 43. Ke4 Bc7 44. b6 Bb8 45. c5 Ke7 46. Be5 1-0

[Event "DRUZYNOWE MISTRZOSTWA POLSKI JUNIOROW - II LIGA"]
[Site "Szczyrk, CKiR Orle Gniazdo ul. Wrzosowa 28a"]
[Date "2014-07-28"]
[Round "5.77"]
[White "Kaszok, Weronika"]
[Black "Ziemba, Magdalena"]
[Result "0-1"]
[WhiteTitle "II"]
[BlackTitle "I"]
[WhiteElo "1365"]
[BlackElo "1589"]

1. e4 e6 2. d4 d5 3. Nd2 dxe4 4. Nxe4 Be7 5. Nf3 Nf6 6. Ng3 O-O 7. Bf4 c5 8. Bd3
cxd4 9. Nxd4 e5 10. Bxe5 Qa5+ 11. c3 Qxe5+ 12. Be2 Rd8 13. Qc2 Qa5 14. O-O Bd7
15. Rfe1 Nc6 16. Nf3 Qb6 17. Rad1 Ng4 18. Bd3 g6 19. h3 Nxf2 0-1

[Event "DRUZYNOWE MISTRZOSTWA POLSKI JUNIOROW - II LIGA"]
[Site "Szczyrk, CKiR Orle Gniazdo ul. Wrzosowa 28a"]
[Date "2014-07-28"]
[Round "5.78"]
[White "Pedrak, Paulina"]
[Black "Orlik, Sandra"]
[Result "1-0"]
[WhiteTitle "I"]
[BlackTitle "II"]
[WhiteElo "1395"]
[BlackElo "1288"]

1. e4 c5 2. Nf3 a6 3. Nc3 e6 4. Be2 Qc7 5. O-O Nf6 6. a3 Nc6 7. d4 cxd4 8. Nxd4
Bc5 9. Nf3 d6 10. Bf4 e5 11. Bg5 Ne7 12. Qd2 Be6 13. Rad1 O-O-O 14. b4 Ba7 15.
Be3 Bxe3 16. Qxe3 Ng4 17. Qd2 f5 18. b5 Bc4 19. bxa6 Bxa6 20. Bxa6 bxa6 21. exf5
Nxf5 22. Nd5 Qf7 23. Qc3+ Kd7 24. Ng5 Qg6 25. Qc7+ Ke8 26. Ne4 Qf7 27. Qc6+ Qd7
28. Qxa6 Qc8 29. Qa4+ Qd7 30. Qb4 Qc6 31. Nxd6+ Rxd6 32. Qxg4 Rxd5 33. Rxd5 Qxd5
34. Qxf5 Rf8 35. Qxh7 Kd8 36. Qh4+ Ke8 37. c4 Qc5 38. Rd1 Qxa3 39. Qh5+ Ke7 40.
Qxe5+ Kf7 41. Rd7+ 1-0

[Event "DRUZYNOWE MISTRZOSTWA POLSKI JUNIOROW - II LIGA"]
[Site "Szczyrk, CKiR Orle Gniazdo ul. Wrzosowa 28a"]
[Date "2014-07-28"]
[Round "5.79"]
[White "Niedbala, Wojciech"]
[Black "Karpacz, Piotr"]
[Result "1/2-1/2"]
[WhiteTitle "I"]
[BlackTitle "II+"]
[WhiteElo "1851"]
[BlackElo "1761"]

1. e4 e6 2. d4 d5 3. Nd2 c5 4. exd5 exd5 5. Bb5+ Nc6 6. Qe2+ Be7 7. dxc5 Nf6 8.
Ngf3 O-O 9. Nb3 Re8 10. Be3 Ne4 11. O-O-O Nxc5 12. Bxc5 Bxc5 13. Qd2 Bb6 14. Rhe1
Rxe1 15. Rxe1 Be6 16. Bd3 Qf6 17. Ng5 h6 18. Nxe6 fxe6 19. f4 e5 20. fxe5 Nxe5
21. Bb5 Rd8 22. Qe2 Qf4+ 23. Kb1 Nc4 24. g3 Qf2 25. Bxc4 dxc4 26. Qxc4+ Kh8 27.
Qe2 Qf5 28. Nc1 Rf8 29. Nd3 Ba5 30. Rd1 Bc7 31. Re1 b5 32. a3 Ba5 33. Rd1 Bc7
34. Re1 Ba5 35. Rd1 Bc7 36. Re1 Ba5 37. Rd1 Bc7 1/2-1/2

[Event "DRUZYNOWE MISTRZOSTWA POLSKI JUNIOROW - II LIGA"]
[Site "Szczyrk, CKiR Orle Gniazdo ul. Wrzosowa 28a"]
[Date "2014-07-28"]
[Round "5.80"]
[White "Skierski, Jacek"]
[Black "Wojciechowski, Antoni"]
[Result "1-0"]
[WhiteTitle "II"]
[BlackTitle "II+"]
[WhiteElo "1547"]
[BlackElo "1529"]

1. d4 Nf6 2. c4 g6 3. Nc3 Bg7 4. Nf3 O-O 5. Bf4 d6 6. h3 Nbd7 7. e3 Nh5 8. Bh2
e5 9. g4 exd4 10. Nxd4 Nhf6 11. Bg2 Re8 12. O-O Nc5 13. Qc2 h5 14. g5 Nfd7 15.
h4 Ne5 16. Bxe5 dxe5 17. Ndb5 Bf5 18. e4 Be6 19. Rad1 Qc8 20. Nd5 Bh3 21. f3 Bxg2
22. Kxg2 Ne6 23. c5 a6 24. Na3 Nf4+ 25. Nxf4 exf4 26. b4 a5 27. b5 Qe6 28. Qc4
Rad8 29. Qxe6 fxe6 30. Nc4 Bc3 31. c6 b6 32. e5 Rd5 33. Nd6 cxd6 34. Rxd5 exd5
35. exd6 Rf8 36. Rc1 Be5 37. c7 Bxd6 38. c8=Q Rxc8 39. Rxc8+ Kf7 40. Rc6 Bc5 41.
Rxc5 1-0

[Event "DRUZYNOWE MISTRZOSTWA POLSKI JUNIOROW - II LIGA"]
[Site "Szczyrk, CKiR Orle Gniazdo ul. Wrzosowa 28a"]
[Date "2014-07-28"]
[Round "5.81"]
[White "Andrzejewska, Maja"]
[Black "Sulkowski, Andrzej"]
[Result "0-1"]
[WhiteTitle "II"]
[BlackTitle "I"]
[WhiteElo "1134"]
[BlackElo "1615"]

1. e4 e6 2. d3 d5 3. Nc3 Nf6 4. Bg5 Be7 5. e5 Nfd7 6. Bxe7 Qxe7 7. d4 a6 8. g3
c5 9. f4 Nc6 10. Nf3 b5 11. a3 Bb7 12. Na2 O-O 13. c3 Rac8 14. b4 cxd4 15. cxd4
Nb6 16. Be2 Nc4 17. Bxc4 dxc4 18. Nc3 Nxd4 19. O-O Nxf3+ 20. Rxf3 Rfd8 21. Nd5
Rxd5 22. Qe1 Qd7 23. Rf1 Rd2 24. Rf2 Qd5 25. Rxd2 Qh1+ 26. Kf2 Qg2+ 27. Ke3 Qf3+
28. Kd4 Rd8+ 29. Kc5 Qc6# 0-1

[Event "DRUZYNOWE MISTRZOSTWA POLSKI JUNIOROW - II LIGA"]
[Site "Szczyrk, CKiR Orle Gniazdo ul. Wrzosowa 28a"]
[Date "2014-07-28"]
[Round "5.82"]
[White "Mlynarski, Jedrzej"]
[Black "Poltorak, Sebastian"]
[Result "1-0"]
[WhiteTitle "II"]
[BlackTitle "II"]
[WhiteElo "1455"]
[BlackElo "1455"]

1. d4 d5 2. c4 c6 3. Nc3 Nf6 4. cxd5 cxd5 5. Nf3 Nc6 6. Bf4 Qb6 7. Qd2 Bf5 8. e3
e6 9. Nh4 Bg6 10. Nxg6 hxg6 11. Bd3 Be7 12. O-O O-O 13. Rac1 Rac8 14. a3 Na5 15.
Na4 Qb3 16. Qxa5 Qxd3 17. Nc3 Qa6 18. Qxa6 bxa6 19. f3 Nh5 20. Bg3 Nxg3 21. hxg3
Bg5 22. Kf2 e5 23. f4 exd4 24. exd4 Bf6 25. Ke3 Rfe8+ 26. Kd3 Rc4 27. Ne2 Rec8
28. b3 Rxc1 29. Rxc1 Rxc1 30. Nxc1 Kf8 31. Na2 Be7 32. a4 Ke8 33. Nc3 Kd7 34.
Nxd5 Bd6 35. Nc3 g5 36. Ne2 g4 37. Ke4 Ke6 38. d5+ Kf6 39. Nd4 Bb4 40. Nc6 Bc5
41. Ne5 Ke7 42. Nxg4 f6 43. Ne3 Bb4 44. Nc4 Be1 45. g4 Bc3 46. f5 Kd7 47. Ke3
Bb4 48. Kd4 Kc7 49. Nb2 Bd6 50. Nd3 Kb6 51. Kc4 Be7 52. Nf4 Bd6 53. Ne6 Be5 54.
Nxg7 Kc7 55. Ne6+ Kc8 56. Nc5 a5 57. Ne6 Kd7 58. Nd4 Bc7 59. Nf3 Ke7 60. Ne1 Bb6
61. Nf3 Kd6 62. g5 fxg5 63. g4 Be3 64. Nd4 Kc7 65. Nb5+ Kd7 66. d6 a6 67. Nc7
Kxd6 68. Nxa6 Kc6 69. Nb8+ Kc7 70. Na6+ Kb6 71. f6 Bf4 72. Nc5 Bd6 73. Ne6 Kc6
74. f7 Kd7 75. f8=Q Bxf8 76. Nxf8+ Ke7 77. Nh7 Kd6 78. Kb5 Ke5 79. Nxg5 Kf4 80.
Kxa5 Kxg5 81. Kb6 Kxg4 82. a5 1-0

[Event "DRUZYNOWE MISTRZOSTWA POLSKI JUNIOROW - II LIGA"]
[Site "Szczyrk, CKiR Orle Gniazdo ul. Wrzosowa 28a"]
[Date "2014-07-28"]
[Round "5.83"]
[White "Jarmuzek, Karolina"]
[Black "Larysz, Anna"]
[Result "1-0"]
[WhiteTitle "I+"]
[BlackTitle "I"]
[WhiteElo "1742"]
[BlackElo "1575"]

1. e4 e6 2. Nc3 d5 3. Nf3 Nf6 4. e5 Nfd7 5. d4 c5 6. dxc5 Bxc5 7. Bd3 Nc6 8. Bf4
h6 9. Qe2 a6 10. a3 b5 11. O-O Bb7 12. Rae1 Qe7 13. Nd1 g5 14. Bg3 h5 15. h4 Nd4
16. Nxd4 Bxd4 17. c3 Bb6 18. hxg5 Qxg5 19. Qf3 O-O-O 20. Bf4 Qe7 21. Qe2 Rdg8
22. a4 Nc5 23. axb5 axb5 24. Bxb5 Qh4 25. Bg3 Qg5 26. Qe3 Qg7 27. Qf3 h4 28. Bh2
Kc7 29. Qh3 d4 30. f3 dxc3 31. Kh1 Rh5 32. Nxc3 1-0

[Event "DRUZYNOWE MISTRZOSTWA POLSKI JUNIOROW - II LIGA"]
[Site "Szczyrk, CKiR Orle Gniazdo ul. Wrzosowa 28a"]
[Date "2014-07-28"]
[Round "5.85"]
[White "Gladysz, Jakub"]
[Black "Szczecina, Kamil"]
[Result "1-0"]
[WhiteTitle "I"]
[BlackTitle "I"]
[WhiteElo "1789"]
[BlackElo "1889"]

1. d4 Nf6 2. c4 g6 3. Nc3 Bg7 4. e4 d6 5. f3 O-O 6. Be3 Nbd7 7. Nge2 e5 8. d5 Ne8
9. Qd2 f5 10. Bg5 Nef6 11. exf5 gxf5 12. Ng3 f4 13. Nge4 Qe8 14. Bxf6 Nxf6 15.
O-O-O Bf5 16. Bd3 Nxe4 17. Bxe4 Bh6 18. g4 Bxe4 19. Nxe4 b5 20. c5 Qe7 21. cxd6
cxd6 22. Kb1 a5 23. Rc1 Rfc8 24. Rxc8+ Rxc8 25. Qxa5 Qc7 26. Qxc7 Rxc7 27. Nxd6
Rd7 28. Ne4 Kf7 29. Rd1 Bf8 30. Kc2 Bb4 31. Kb3 Ba5 32. a4 bxa4+ 33. Kxa4 Bb6
34. b4 Bd4 35. d6 Ra7+ 36. Kb3 Ke6 37. Rc1 Kd7 38. h4 Be3 39. Rd1 Bd4 40. g5 Ke6
41. Rc1 Kd7 42. Rc7+ Rxc7 43. dxc7 Kxc7 44. h5 1-0

[Event "DRUZYNOWE MISTRZOSTWA POLSKI JUNIOROW - II LIGA"]
[Site "Szczyrk, CKiR Orle Gniazdo ul. Wrzosowa 28a"]
[Date "2014-07-28"]
[Round "5.86"]
[White "Stemplewski, Kamil"]
[Black "Wilk, Tomasz"]
[Result "1-0"]
[WhiteTitle "II"]
[BlackTitle "I"]
[WhiteElo "1535"]
[BlackElo "1767"]

1. e4 c5 2. Nf3 Nc6 3. d4 cxd4 4. Nxd4 g6 5. Be3 Nf6 6. Nc3 Bg7 7. f3 O-O 8. Qd2
d5 9. exd5 Nxd5 10. Nxc6 bxc6 11. Nxd5 cxd5 12. c3 Qc7 13. Be2 Rd8 14. O-O e5
15. Rfd1 Be6 16. Rac1 a5 17. f4 f6 18. Bf3 Rab8 19. Be2 a4 20. fxe5 fxe5 21. Qc2
Qa5 22. Rd2 Rdc8 23. Qd1 a3 24. b4 Qc7 25. Bg4 Bxg4 26. Qxg4 d4 27. Bf2 Bh6 28.
Qe6+ Qf7 29. Qxe5 Bxd2 30. Bxd4 Qc7 31. Qh8+ Kf7 32. Rf1+ Ke6 33. Qf6+ Kd5 34.
Qf3+ Kd6 35. Bc5+ Ke6 36. Qf6+ Kd5 37. Qd4+ Kc6 38. Qe4+ Kb5 39. c4+ Ka6 40. Rf6+
Rb6 41. Rxb6+ Qxb6 42. Bxb6 Bxb4 43. Be3 Rf8 44. Qc6+ 1-0

[Event "DRUZYNOWE MISTRZOSTWA POLSKI JUNIOROW - II LIGA"]
[Site "Szczyrk, CKiR Orle Gniazdo ul. Wrzosowa 28a"]
[Date "2014-07-28"]
[Round "5.88"]
[White "Kulak, Tomasz"]
[Black "Bober, Tomasz"]
[Result "1-0"]
[WhiteTitle "II"]
[BlackTitle "II"]
[WhiteElo "1299"]
[BlackElo "1161"]

1. e4 e5 2. Nc3 Nf6 3. f4 d5 4. fxe5 Nxe4 5. Nf3 Bc5 6. d4 Bb4 7. Bd2 Bxc3 8. bxc3
O-O 9. Bd3 f5 10. O-O Nc6 11. Qe1 h6 12. Bc1 Be6 13. Ba3 Rf7 14. Rb1 b6 15. Bb5
Ne7 16. Rb3 a6 17. Bd3 Nc6 18. Kh1 Na5 19. Rb1 Nc6 20. Ng1 g5 21. Nh3 a5 22. Nf2
Ne7 23. Be2 Rh7 24. Rd1 Ng6 25. Nxe4 dxe4 26. d5 Bd7 27. e6 Ba4 28. Rxf5 Bxc2
29. Rd2 Ba4 30. Bh5 Ne7 31. Re5 1-0

[Event "DRUZYNOWE MISTRZOSTWA POLSKI JUNIOROW - II LIGA"]
[Site "Szczyrk, CKiR Orle Gniazdo ul. Wrzosowa 28a"]
[Date "2014-07-28"]
[Round "5.89"]
[White "Kozubal, Aleksandra"]
[Black "Kotula, Magdalena"]
[Result "1-0"]
[WhiteTitle "I+"]
[BlackTitle "I+"]
[WhiteElo "1576"]
[BlackElo "1613"]

1. d4 Nf6 2. c4 e5 3. d5 Bc5 4. e3 d6 5. Nc3 a5 6. Bd3 O-O 7. Nge2 Ne8 8. O-O f5
9. Kh1 Nf6 10. f3 Nh5 11. Qe1 Qg5 12. Ng3 Nxg3+ 13. Qxg3 Qxg3 14. hxg3 Rf6 15.
Kg1 Bd7 16. Bd2 Na6 17. a3 Re8 18. Rae1 Bb6 19. Bc2 Ref8 20. Ba4 Bxa4 21. Nxa4
Ba7 22. Bxa5 f4 23. gxf4 Rxf4 24. b3 Rh4 25. Bd2 Rf5 26. g3 Rh3 27. Kg2 Rfh5 28.
Rh1 Rxh1 29. Rxh1 Rxh1 30. Kxh1 Kf7 31. b4 Kf6 32. Kg2 Kf5 33. Nc3 c6 34. g4+
Kf6 35. Kg3 g6 36. f4 exf4+ 37. exf4 Bd4 38. Ne4+ Ke7 39. Bc3 Be3 40. Bf6+ Kd7
41. Bb2 cxd5 42. Nf6+ Ke6 43. Nxd5 Bd2 44. Kf3 Be1 45. Ke4 Bg3 46. g5 Bh2 47.
Nf6 Nc7 48. Nxh7 d5+ 49. cxd5+ Nxd5 50. Nf8+ Kf7 51. Kxd5 Kxf8 52. Be5 Ke7 53.
a4 Bg1 54. Bd6+ Kf7 55. Bc5 Bh2 56. Ke5 Bg3 57. b5 Be1 58. Bb6 1-0

[Event "DRUZYNOWE MISTRZOSTWA POLSKI JUNIOROW - II LIGA"]
[Site "Szczyrk, CKiR Orle Gniazdo ul. Wrzosowa 28a"]
[Date "2014-07-28"]
[Round "5.90"]
[White "Gredka, Dominika"]
[Black "Jurkiewicz, Zuzanna"]
[Result "0-1"]
[WhiteTitle "I"]
[BlackTitle "I"]
[WhiteElo "1491"]
[BlackElo "1442"]

1. e4 c5 2. Nf3 e6 3. d4 cxd4 4. Nxd4 Nc6 5. Nc3 a6 6. Be3 Nf6 7. Be2 Bb4 8. Bd3
O-O 9. O-O d6 10. Nce2 h6 11. Ng3 Ba5 12. c3 Bc7 13. f4 Qd7 14. Nf3 b5 15. Qd2
Ng4 16. Rad1 Qe7 17. Rfe1 Bb7 18. Qc1 Qd8 19. Nf1 Ne7 20. h3 Nxe3 21. Nxe3 Ng6
22. Nf1 Bb6+ 23. Kh1 Qf6 24. g3 Rfd8 25. Ne3 Rac8 26. Qb1 h5 27. h4 Nxf4 0-1

[Event "DRUZYNOWE MISTRZOSTWA POLSKI JUNIOROW - II LIGA"]
[Site "Szczyrk, CKiR Orle Gniazdo ul. Wrzosowa 28a"]
[Date "2014-07-28"]
[Round "5.91"]
[White "Chmielarz, Maciej"]
[Black "Slany, Wiktor"]
[Result "1-0"]
[WhiteTitle "I"]
[BlackTitle "II+"]
[WhiteElo "1862"]
[BlackElo "1737"]

1. d4 Nf6 2. c4 g6 3. Nc3 d5 4. Bg5 Ne4 5. Bh4 Bg7 6. cxd5 Nxc3 7. bxc3 Qxd5 8.
f3 Qa5 9. Qd2 c5 10. e3 Nc6 11. Bc4 cxd4 12. cxd4 Qxd2+ 13. Kxd2 O-O 14. Ne2 e6
15. Rac1 Bd7 16. Nc3 Na5 17. Bd3 Bc6 18. Be7 Rfc8 19. Bb4 b6 20. Bxa5 bxa5 21.
Be4 Rab8 22. Rb1 Bxe4 23. Nxe4 Bf8 24. Rxb8 Rxb8 25. Rc1 Ba3 26. Rc2 h6 27. Nc5
Rb5 28. Nd3 Rb7 29. Nc5 Rb5 30. Kd3 Kf8 31. Nb3 Bd6 32. h3 Ke7 33. e4 Kd7 34.
e5 Be7 35. Nd2 Bg5 36. Nc4 Be7 37. Rb2 Rxb2 38. Nxb2 f5 39. exf6 Bxf6 40. Nc4
Bd8 41. Ne5+ Kd6 42. Nf7+ Ke7 43. Nxd8 Kxd8 44. Ke4 Ke7 45. Ke5 a4 46. a3 h5 47.
g4 h4 48. g5 a6 49. f4 a5 50. d5 exd5 51. Kxd5 Kd7 52. Ke5 Ke7 53. f5 gxf5 54.
Kxf5 Kf7 55. Kg4 1-0

[Event "DRUZYNOWE MISTRZOSTWA POLSKI JUNIOROW - II LIGA"]
[Site "Szczyrk, CKiR Orle Gniazdo ul. Wrzosowa 28a"]
[Date "2014-07-28"]
[Round "5.92"]
[White "Blaszczak, Jedrzej"]
[Black "Michalski, Filip"]
[Result "0-1"]
[WhiteTitle "II"]
[BlackTitle "I"]
[WhiteElo "1569"]
[BlackElo "1740"]

1. e4 e6 2. d4 d5 3. exd5 exd5 4. Nf3 Bd6 5. c4 c6 6. Nc3 Nf6 7. c5 Bc7 8. Bd3
O-O 9. O-O Bg4 10. Bg5 Nbd7 11. h3 Bh5 12. Bc2 Re8 13. g4 Bg6 14. Bxg6 hxg6 15.
Re1 Nf8 16. Ne5 Ne6 17. Bh4 Qb8 18. g5 Ne4 19. Nxe4 dxe4 20. Nc4 Rd8 21. Rxe4
Nxc5 22. Re7 Bd6 23. Nxd6 Qxd6 24. Qe2 Ne6 25. Rxb7 Qxd4 26. Qf3 Rf8 27. Qg4 Qe5
28. Rd1 Nc5 29. Bg3 Qe6 30. Qxe6 Nxe6 31. h4 a5 32. Rc1 Rfc8 33. Rc3 Nd4 34. Re3
Nf5 35. Re5 a4 36. Rc5 Ra6 37. Kg2 Kf8 38. Kh3 Rd8 39. Rc7 Nd4 40. Be5 Ne6 41.
R5xc6 Nxc7 42. Rxc7 Re6 43. f4 f6 44. Bc3 Rd3+ 45. Kg2 Kg8 46. Ra7 Re2+ 47. Kf1
Rh2 48. Kg1 Rc2 49. Re7 Rd1+ 50. Re1 Rxe1+ 51. Bxe1 Rxb2 52. a3 Rb3 53. Bb4 Rxb4
0-1

[Event "DRUZYNOWE MISTRZOSTWA POLSKI JUNIOROW - II LIGA"]
[Site "Szczyrk, CKiR Orle Gniazdo ul. Wrzosowa 28a"]
[Date "2014-07-28"]
[Round "5.94"]
[White "Skowron, Mateusz"]
[Black "Jedras, Adrianna"]
[Result "1-0"]
[WhiteTitle "I"]
[BlackTitle "II"]
[WhiteElo "1395"]
[BlackElo "1263"]

1. f4 e5 2. fxe5 d6 3. exd6 Bxd6 4. Nf3 g5 5. g3 h5 6. d4 f6 7. Qd3 Ne7 8. c3 h4
9. gxh4 g4 10. Nfd2 Rxh4 11. Bg2 c6 12. Nf1 Bf5 13. e4 Bg6 14. Be3 Qb6 15. b3
Nd7 16. Bf2 Rh7 17. Nbd2 O-O-O 18. Nc4 Qc7 19. Nxd6+ Qxd6 20. Bg3 Qe6 21. Nd2
Nc5 22. Qe2 Nd7 23. Nc4 Nf8 24. Qe3 b5 25. Qf4 Nd5 26. Nd6+ Kd7 27. Qd2 Ke7 28.
O-O-O Nb6 29. Nb7 Rd7 30. Nc5 Qf7 31. Nxd7 Kxd7 32. Qf4 Qe6 33. Rhe1 Bf7 34. Qb8
Nc8 35. Qc7+ Ke8 36. d5 Qd7 37. dxc6 Qxc7 38. Bxc7 Ne6 39. Bg3 Ne7 40. c7 Nc8
41. Rd2 Bg6 42. Red1 Ne7 43. Kb2 Kf8 44. Bd6 Be8 45. Bxe7+ Rxe7 46. c8=Q Nf4 47.
Qf5 Nxg2 48. Rxg2 Rf7 49. Rxg4 a5 50. Qc5+ Re7 51. Rd8 Kf7 52. Rg7+ Kxg7 53. Qxe7+
Kg6 54. Rxe8 Kg5 55. Rg8+ Kf4 56. Qxf6+ Kxe4 57. Re8+ Kd5 58. Qd4+ Kc6 59. Rc8+
Kb7 60. Qd7+ Ka6 61. Rc6# 1-0

[Event "DRUZYNOWE MISTRZOSTWA POLSKI JUNIOROW - II LIGA"]
[Site "Szczyrk, CKiR Orle Gniazdo ul. Wrzosowa 28a"]
[Date "2014-07-28"]
[Round "5.95"]
[White "Kopacka, Natalia"]
[Black "Kubicka, Anna"]
[Result "0-1"]
[WhiteTitle "II+"]
[BlackTitle "I++"]
[WhiteElo "1294"]
[BlackElo "1760"]

1. e4 d6 2. d4 Nf6 3. Nc3 e5 4. dxe5 dxe5 5. Qxd8+ Kxd8 6. Bg5 Be6 7. Bxf6+ gxf6
8. O-O-O Nd7 9. Nd5 Kc8 10. Kb1 c6 11. Ne3 Bc5 12. Rd2 b5 13. Nf5 Bxf5 14. exf5
a5 15. Nf3 Kc7 16. Bd3 Rhg8 17. Be4 Rad8 18. Re1 Nb8 19. Rxd8 Kxd8 20. Nd2 Bxf2
21. b3 Kd7 22. c4 b4 23. Kc2 Na6 24. h3 Bd4 25. g4 Be3 26. Kd3 Bxd2 27. Kxd2 Nc5
28. Ke3 a4 29. Bc2 a3 30. Be4 Nxb3 31. Bb1 Nd4 32. Kd2 Kd6 33. Ke3 Kc5 34. Kd3
Nf3 35. Ke3 Ng1 36. h4 h6 37. Bc2 Nh3 38. Ke4 Kxc4 39. Bb3+ Kc3 40. Bxf7 c5 41.
Bb3 c4 42. g5 Nxg5+ 43. hxg5 hxg5 0-1

[Event "DRUZYNOWE MISTRZOSTWA POLSKI JUNIOROW - II LIGA"]
[Site "Szczyrk, CKiR Orle Gniazdo ul. Wrzosowa 28a"]
[Date "2014-07-28"]
[Round "5.97"]
[White "Kaluzny, Tomasz"]
[Black "Czerw, Dawid"]
[Result "0-1"]
[WhiteTitle "I"]
[BlackTitle "I++"]
[WhiteElo "1765"]
[BlackElo "1993"]

1. c4 e5 2. Nc3 Nc6 3. g3 g6 4. Bg2 Bg7 5. e4 d6 6. Nge2 Be6 7. d3 Nge7 8. O-O
O-O 9. f4 f5 10. Nd5 Rb8 11. fxe5 dxe5 12. Nec3 fxe4 13. dxe4 h6 14. Be3 Nd4 15.
Rxf8+ Qxf8 16. Nxc7 Bxc4 17. N3d5 Nxd5 18. Nxd5 Qf7 19. Bxd4 exd4 20. Qd2 Rf8
21. b3 Bb5 22. Rc1 Bc6 23. Rf1 Qe8 24. Rxf8+ Qxf8 25. Qb4 Qxb4 26. Nxb4 Bd7 27.
Kf2 Kf7 28. Nd3 Bb5 29. Bf1 Bc6 30. Bg2 Bf6 31. Nb4 Bd7 32. Nd5 Be5 33. Bf1 h5
34. Bc4 Kg7 35. Nb4 Bd6 36. Nd5 h4 37. Nf4 hxg3+ 38. hxg3 Kf6 39. Bd5 b6 40. Kf3
Be5 41. Bc4 g5 42. Nd5+ Kg7 43. g4 b5 44. Be2 Bd6 45. Kg2 Kf7 46. Bf3 Ke6 47.
Kf2 Ke5 48. Ke2 b4 49. Kd3 Bb5+ 50. Kd2 Bf1 51. Bh1 Ba6 52. Bf3 Bb5 53. Bh1 Ke6
54. Bf3 Ke5 55. Bh1 d3 56. Ne3 Ba6 57. Nf5 Bc5 58. Ne3 Bd6 59. Nf5 Bf8 60. Ne3
Bc5 61. Nd5 Kd4 62. Nc7 Bc8 63. Bf3 Bd7 64. Nd5 Bd6 65. Bd1 Bc8 66. Bf3 Be6 67.
e5 Kxe5 68. Ne3 Kd4 69. Nf5+ Bxf5 70. gxf5 Bf4+ 71. Kd1 Ke3 72. Bh5 Be5 73. Bg4
Bc3 74. Bh3 Kf3 75. Bf1 Ke3 76. Bh3 Bf6 77. Ke1 Be5 78. Kd1 Bc3 79. Bg4 Kf4 80.
Bh3 g4 81. Bf1 Ke3 82. Bg2 g3 83. Bb7 Kf2 84. f6 Bxf6 85. Kd2 g2 86. Bxg2 Kxg2
87. Kxd3 Kf3 88. Kc4 Be7 89. Kb5 Ke4 90. Ka6 Bc5 91. Kb5 Kd5 92. Ka6 Kd4 93. Kb5
Be7 94. Ka6 0-1

[Event "DRUZYNOWE MISTRZOSTWA POLSKI JUNIOROW - II LIGA"]
[Site "Szczyrk, CKiR Orle Gniazdo ul. Wrzosowa 28a"]
[Date "2014-07-28"]
[Round "5.98"]
[White "Wodecki, Mikolaj"]
[Black "Kaluzny, Jan"]
[Result "1-0"]
[WhiteTitle "III"]
[BlackTitle "II"]
[WhiteElo "1374"]
[BlackElo "1367"]

1. e4 c5 2. c3 d5 3. exd5 Qxd5 4. d4 Nc6 5. Nf3 Bg4 6. Be2 cxd4 7. cxd4 e6 8. Nc3
Qa5 9. h3 Bh5 10. d5 exd5 11. Nd4 Bxe2 12. Qxe2+ Be7 13. Nxc6 bxc6 14. O-O Nf6
15. Bd2 Qc7 16. Rfe1 Rd8 17. Bf4 Qd7 18. Na4 Qe6 19. Qxe6 fxe6 20. Rxe6 Kd7 21.
Rae1 Ne4 22. Rxe7+ Kxe7 23. f3 Kf7 24. fxe4 dxe4 25. Rxe4 Rhe8 26. Rxe8 Rxe8 27.
Nc3 Ke6 28. Kf2 Kf5 29. Kf3 h5 30. g4+ hxg4+ 31. hxg4+ Kf6 32. Ne4+ Ke6 33. Nc3
Kf6 34. Be3 a6 35. Bd4+ Kg6 36. Ne4 Rf8+ 37. Ke3 1-0